Štúdium systému organického sorbentu a montmorillonitu

Bibliographic Details
Main Author: Heribanová, Vlasta (Author)
Format: Article
Language:Slovak
PhysicalDescription:Sch. 6., lit. 9 zázn. v slov., ruš., angl., nem.
Subjects:

MARC

LEADER 00000nab a2200000 a 4500
001 vtls000299728
003 SK-MaSNL
005 20260303195307.0
008 160204c1986 xo 0 slo
015 |a SNBRA19rr/mm-uuuuu 
035 |a CL0309847 
040 |a SNKBUCL  |b slo  |c SNKBUCL  |e AACR2 
041 0 |a slo 
044 |a xo  |c SK 
080 |a 553.611:541.183:537.2  |2 1981 
080 |a 541.183  |2 1981 
080 |a 537.2  |2 1981 
100 1 |a Heribanová, Vlasta  |4 aut  |9 626897 
245 1 0 |a Štúdium systému organického sorbentu a montmorillonitu  |c Vlasta Heribanová 
300 |b Sch. 6., lit. 9 zázn. v slov., ruš., angl., nem. 
650 0 7 |a montmorillonit  |2 snkbucl  |9 166248 
650 0 7 |a sorbenty organické  |2 snkbucl  |9 1228371 
655 7 |a články zo zborníkov  |2 snkbucl  |9 166140 
773 0 |t Zborník prác z vedeckej konferencie Elektrotechnickej fakulty SVŠT. Sekcia: Materiály a technológie  |d Bratislava : SVŠT, 1986  |g S. 105-113 
850 |a Slovenská národná knižnica v Martine  |a MTA001 
852 |a SNK  |b KIS3GCP 
958 |a NB 
958 |a RK 
992 |a RZB 
999 |c 2161821  |d 2163751